The vow of Parvati/ (Record no. 199409)
[ view plain ]
| 000 -LEADER | |
|---|---|
| fixed length control field | 00787nam a22001937a 4500 |
| 005 - DATE AND TIME OF LATEST TRANSACTION | |
| control field | 20231229140906.0 |
| 010 ## - LCCN (DPL NO) | |
| LC control number | B-756269-271 |
| 020 ## - INTERNATIONAL STANDARD BOOK NUMBER | |
| International Standard Book Number | 9789354355059 |
| Terms of availability | 599.00 |
| 035 ## - SYSTEM CONTROL NUMBER | |
| System control number | B-756269-271 |
| 037 ## - SOURCE OF ACQUISITION | |
| Stock number | Bloomsbury Publishing India Pvt. Ltd |
| 082 ## - DEWEY DECIMAL CLASSIFICATION NUMBER | |
| Classification number | S |
| 100 ## - MAIN ENTRY--PERSONAL NAME | |
| Personal name | Banerjee,Aditi |
| 245 ## - TITLE STATEMENT | |
| Title | The vow of Parvati/ |
| Statement of responsibility, etc | Aditi Banerjee |
| 260 ## - PUBLICATION, DISTRIBUTION, ETC. (IMPRINT) | |
| Place of publication, distribution, etc | New Delhi |
| Name of publisher, distributor, etc | Bloomsbury Publishing India Pvt. Ltd |
| Date of publication, distribution, etc | 2022 |
| 270 ## - ADDRESS | |
| Address | Second Floor, LSC Building No. 4 DDA Complex Pocket C-6 & 7, Vasant Kunj |
| City | New Delhi |
| Postal code | 110070 |
| 300 ## - PHYSICAL DESCRIPTION | |
| Extent | 251p. |
| Dimensions | 20cm(Pbk) |
| 942 ## - ADDED ENTRY ELEMENTS (KOHA) | |
| Source of classification or shelving scheme | Dewey Decimal Classification |
| Item type | English Books |
| Classification part | S |
| Call number suffix | BAN |
| Withdrawn status | Lost status | Not for loan | Collection code | Home library | Current library | Date acquired | Source of acquisition | Cost, normal purchase price | Full call number | Barcode | Copy number | Cost, replacement price | Koha item type |
|---|---|---|---|---|---|---|---|---|---|---|---|---|---|
| Fiction | Central Library | Central Library | 29/12/2023 | Bharatiya Sahitya Bhavan/IN185/29.11.23/26/.23.11.23/1.12.23 | 599.00 | S BAN | B-756269 | 1 | 599.00 | English Books | |||
| Fiction | Mobile Library | Mobile Library | 29/12/2023 | Bharatiya Sahitya Bhavan/IN185/29.11.23/26/.23.11.23/1.12.23 | 599.00 | S BAN | B-756270 | 1 | 599.00 | English Books | |||
| Fiction | Shahdara Branch | Shahdara Branch | 29/12/2023 | Bharatiya Sahitya Bhavan/IN185/29.11.23/26/.23.11.23/1.12.23 | 599.00 | S BAN | B-756271 | 1 | 599.00 | English Books |
